000 01193nam a22002897a 4500
005 20240530110454.0
008 150530s2011 ua d g b 000 0 ara d
017 _a4564
_bمصر . دار الكتب المصرية
020 _a9789773771345
040 _aEG-CaGPL
082 0 4 _221
_a025.173\
_bف إ
100 0 _aفهد بن ابراهيم العسكر .
245 1 0 _aادارة الوثائق فى عصر الاتصالات و تقنية المعلومات /
_cفهد بن ابراهيم العسكر .
250 _aط1.
260 _aالقاهرة :
_bمجموعة النيل العربية ،
_c2011 .
300 _a189 ص ؛
_c24 سم .
504 _aببليوجرافية : ص 183 - 189
650 0 4 _aالوثائق .
650 0 4 _aالوثائق
_xحفظ وترتيب
_xالمصغرات الفيلمية .
650 0 4 _aالمطبوعات الحكومية .
650 0 4 _aالوثائق الرسمية
_xتوثيق .
650 0 4 _aالوثائق
_xحفظ وترتيب .
650 0 4 _aالوثائق ، علم .
651 0 4 _aالسعودية
_xتوثيق المعلومات الادارية .
942 _2ddc
_cBK
999 _c61329
_d61329